Quantitative Techniques (Record no. 20635)

MARC details
000 -LEADER
fixed length control field 00312nam a22001337a 4500
008 - FIXED-LENGTH DATA ELEMENTS--GENERAL INFORMATION
fixed length control field 240501b |||||||| |||| 00| 0 eng d
020 ## - INTERNATIONAL STANDARD BOOK NUMBER
ISBN 978-07-0698-7454
100 ## - MAIN ENTRY--AUTHOR NAME
Personal name C. R. Kothari
245 ## - TITLE STATEMENT
Title Quantitative Techniques
250 ## - EDITION STATEMENT
Edition statement 3rd.
260 ## - PUBLICATION, DISTRIBUTION, ETC. (IMPRINT)
Place of publication Noida
Name of publisher Vikas
Year of publication 2010
300 ## - PHYSICAL DESCRIPTION
Number of Pages 596
942 ## - ADDED ENTRY ELEMENTS (KOHA)
Source of classification or shelving scheme Dewey Decimal Classification
Koha item type Books
Holdings
Accession Number Source of acquisition Price effective from Koha item type Withdrawn / writtenoff status Damaged status Not for loan Permanent Location Current Location Shelving location Date acquired Lost/ Missing status department
BBA 241 Donated By Komal Bhat Student MBA 2022 05/01/2024 Books       MIET Library, Jammu MIET Library, Jammu 189/4 05/01/2024   BBA